| Tag |
First Indicator |
Second Indicator |
Subfields |
| LEADER |
00000cam a2200000 a 4500 |
| 001 |
in00000034248 |
| 005 |
20151007055244.0 |
| 008 |
870915s1988 maua b 00110 eng |
| 010 |
|
|
|a 87026611
|
| 020 |
|
|
|a 0816183295 (alk. paper)
|
| 035 |
|
|
|a (OCoLC)16802828
|
| 035 |
|
|
|9 AAB7708AM
|
| 040 |
|
|
|a DLC
|c DLC
|d TXA
|d UtOrBLW
|
| 043 |
|
|
|a e-be---
|a e-ne---
|
| 049 |
|
|
|a TXAM
|c [A11089014]
|
| 050 |
0 |
0 |
|a Z5961.M39
|b C47 1988
|a N6933
|
| 082 |
0 |
|
|a 016.7/09493/4
|2 19
|
| 100 |
1 |
|
|a Chapman, Gretel.
|
| 245 |
1 |
0 |
|a Mosan art :
|b an annotated bibliography /
|c Gretel Chapman.
|
| 264 |
|
1 |
|a Boston, Mass. :
|b G.K. Hall,
|c 1988.
|
| 300 |
|
|
|a xxv, 363 pages :
|b illustrations ;
|c 25 cm.
|
| 336 |
|
|
|a text
|b txt
|2 rdacontent
|
| 337 |
|
|
|a unmediated
|b n
|2 rdamedia
|
| 338 |
|
|
|a volume
|b nc
|2 rdacarrier
|
| 490 |
1 |
|
|a Reference publications in art history
|
| 500 |
|
|
|a Includes indexes.
|
| 650 |
|
0 |
|a Art, Medieval
|z Meuse River Valley
|x Bibliography.
|
| 650 |
|
0 |
|a Art
|z Meuse River Valley
|x Bibliography.
|
| 830 |
|
0 |
|a Reference publication in art history.
|
| 999 |
|
|
|a MARS
|
| 999 |
f |
f |
|s 988d6fef-e0ba-355b-b047-9feef880ebd1
|i 381a11ef-2561-391a-be82-23f61a361686
|t 0
|
| 952 |
f |
f |
|p ric
|a Texas A&M University
|b Rellis Campus
|c Joint Library Facility
|d Remote Storage
|t 0
|e Z5961.M39 C47 1988
|h Library of Congress classification
|i unmediated -- volume
|m A14811089014
|
| 998 |
f |
f |
|a Z5961.M39 C47 1988
|t 0
|l Remote Storage
|